Aritmética y álgebra, para tercer año /

Guardado en:
Autor Principal: Repetto, Celina H.
Formato: Libro
Publicado: Buenos Aires : Kapelusz, 1956
Edición:10a. ed.
Materias:
Etiquetas: Agregar Etiqueta
Sin Etiquetas, Sea el primero en etiquetar este registro!
LEADER 00470nam a22001695a 4500
001 CEM.cems005382
005 20060220000000.0
008 130507s1956##################000#0#####d
003 CEMS
082 0 4 |a 511 
100 1 |a Repetto, Celina H. 
245 1 0 |a Aritmética y álgebra, para tercer año / 
250 |a 10a. ed. 
260 |a Buenos Aires :  |b Kapelusz,  |c 1956 
300 |a 313 p. 
653 |a Matematica 
859 |a CEMS  |b BIB. CEMS - 11 de abril  |h 511  |i R299-4a10/III  |p 1968.74  |t Ej.1